000
00227nam a2200097Ia 4500
008
220204s9999 xx 000 0 und d
082
_a
82-3
_b
KAR
100
_a
Kartar Singh Duggal
245
0
_a
Twice born twice dead
942
_c
BK
999
_c
29578
_d
29578